000 00451nam a22001217a 4500
999 _c6845
_d6845
008 200331b ||||| |||| 00| 0 eng d
100 _aThe United Republic of Tanzania
245 _aNational Accounts of Tanzania Mainland 2001-2011
_cThe United Republic of Tanzania
_hEnglish
260 _aDar Es Salaam
_bNational Bureau of Statistics
_c2012
300 _a46p.
_bIllustration
_c28cm
650 _2National Accounts of Tanzania Mainland
942 _2ddc
_cBOOKS